| 000 | 00959nam a22003497a 4500 | ||
|---|---|---|---|
| 001 | BR7602731 | ||
| 003 | BR-BrBNA | ||
| 005 | 20230928084956.0 | ||
| 007 | ta | ||
| 008 | 230509b bl.||||| |||| 00| 0 por d | ||
| 040 |
_aBR-BrBNA _bpor _cBiblioteca Nacional de Agricultura |
||
| 041 | _a(Por) | ||
| 072 |
_aE10 _b/G514 |
||
| 090 | _ E10 BR7602731 | ||
| 100 | 1 | _aOliveira, J.T. | |
| 100 | 1 | _aCosta, I.D.N. da | |
| 110 | 1 |
_aFundacao Instituto de Pesquisas Economicas, Sao Paulo, SP (Brasil) _94955 |
|
| 245 | 1 | _aO imposto territorial rural: Avaliacao economica [Brasil] | |
| 260 | 3 |
_aSao Paulo, SP (Brasil): _c1976. |
|
| 300 | _a177 p. | ||
| 500 | _a90 tables; 20 graphs | ||
| 650 | _aMacroeconomia | ||
| 650 | _aPropriedade rural | ||
| 650 | _aImposto territorial | ||
| 650 | _aAliquota | ||
| 650 | _aMinifundio | ||
| 650 | _aLatifundio | ||
| 650 | _aTerra | ||
| 650 | _aPreco | ||
| 909 |
_a202309 _bLucia _c55 _dLucia Elande |
||
| 942 | _cBK | ||
| 999 |
_c22205 _d22205 |
||